| 000 | 00612nam a22002177a 4500 | ||
|---|---|---|---|
| 003 | OSt | ||
| 005 | 20210421065438.0 | ||
| 008 | 201216s1969 ||||| |||| 00| 0 eng d | ||
| 040 |
_aeng _beng _cDLC |
||
| 041 | _aeng | ||
| 080 |
_a821.111 _bH-15 |
||
| 100 |
_9476 _aHaggard, William |
||
| 245 |
_aThe Doubtful Disciple _c/ by: Elbenezer Baylis and Son |
||
| 250 | _a1st edition | ||
| 260 |
_aCassell _b Elbenezer Baylis and Son _c1969 |
||
| 300 | _a188 p. | ||
| 365 | _b1.05 gbp | ||
| 650 | 0 |
_9247 _aEnglish literature |
|
| 653 | _aინგლისური ლიტერატურა | ||
| 942 |
_2udc _cBK _e1 |
||
| 999 |
_c682 _d682 |
||